Music Quiz

Random Music or Artist Quiz

Beginning Song Titles Quiz Stats

 Plays Quiz Updated Dec 21, 2018

Support Sporcle.
Go Orange.
Score 0/80 Timer 06:00
3 Plays Today
Rest of Title [Artist] 1st Word % Correct
____ Breath You Take [The Police]Every
93.2%
____ Like Teen Spirit [Nirvana]Smells
91.6%
____ Just Want To Have Fun [Cyndi Lauper]Girls
91%
____! ...I Did It Again [Britney Spears]Oops
89.8%
____ Than a Feeling [Boston]More
89.5%
____ Suede Shoes [Carl Perkins]Blue
89%
____ the Rainbow [Judy Garland]Over
88.4%
____ Eclipse of the Heart [Bonnie Tyler]Total
87.6%
____ on a Prayer [Bon Jovi]Livin'
86.1%
____ are a Girl's Best Friend [Carol Channing]Diamonds
85.7%
____ Ladies (Put a Ring On It) [Beyoncé]Single
85.6%
____ Dreams (are Made of This) [Eurythmics]Sweet
85%
____ Around the Clock [Bill Haley]Rock
84.9%
____ U Been Gone [Kelly Clarkson]Since
84.5%
____ Vibrations [The Beach Boys]Good
82.8%
____ Me Softly with His Song [Roberta Flack]Killing
82.5%
____ Do Fools Fall in Love [Frankie Lymon and the Teenagers]Why
82%
____ of a Preacher Man [Dusty Springfield]Son
81.9%
____ Ice Baby [Vanilla Ice]Ice
81.9%
____ Killed the Radio Star [The Buggles]Video
81.3%
____ to the Jungle [Guns 'N Roses]Welcome
81.2%
____ Fields Forever [The Beatles]Strawberry
80.7%
____ B. Goode [Chuck Berry]Johnny
80.2%
____ Marmalade [Labelle]Lady
79.5%
____, It's Cold Outside [Frank Loesser]Baby
79.3%
____ in the Deep [Adele]Rolling
78.8%
____ Golly, Miss Molly [Little Richard]Good
78.2%
____ Some Sugar on Me [Def Leppard]Pour
77.6%
____ of the Rising Sun [The Animals]House
77.2%
____ Child O' Mine [Guns 'N Roses]Sweet
76.8%
____ Don't Preach [Madonna]Papa
76.5%
____ But A G Thang [Dr. Dre]Nuthin'
75.5%
(____ on) the Dock of the Bay [Otis Redding]Sittin'
75.2%
____ and the Jets [Elton John]Bennie
74.5%
____ On Eileen [Dexy's Midnight Runners]Come
73%
____ Jiggy Wit It [Will Smith]Gettin'
72.5%
____ is a Battlefield [Pat Benatar]Love
72.2%
____ Like the Wolf [Duran Duran]Hungry
71.7%
____ Got Back (Sir Mix-A-Lot)Baby
71.7%
____ on a Jet Plane [John Denver]Leaving
71%
Rest of Title [Artist] 1st Word % Correct
____ Brightside [The Killers]Mr.
70.1%
____ of Broken Dreams [Green Day]Boulevard
69.7%
____ Over Troubled Water [Simon and Garfunkel]Bridge
68.4%
____ Me How to Dougie [California Swag District]Teach
67.4%
____ on Wayward Son [Kansas]Carry
66.8%
____ Went Down to Georgia [Charlie Daniels Band]Devil
64.5%
____ Doves Cry [Prince]When
61.4%
____ Rock Anthem [LMFAO]Party
60.7%
____ Wizard [The Who]Pinball
59.8%
____ Sandman [Metallica]Enter
59.7%
____ State of Mind [Jay-Z ft. Alicia Keys]Empire
59.5%
____ You Like a Hurricane [Scorpions]Rock
58.4%
____ Nation Army [The White Stripes]Seven
58%
____ Deep - Mountain High [Ike and Tina Turner]River
57.6%
____ with Myself [Billy Idol]Dancing
56.4%
____ of Jupiter [Train]Drops
56%
____ and Destroy [Stooges]Search
55.7%
____ in the Brain [Cypress Hill]Insane
53.4%
____ Said Knock You Out [L.L. Cool J]Mama
52.8%
____ for the Devil [The Rolling Stones]Sympathy
51.4%
____ Hurts the Most [Rascal Flatts]What
51%
____ of the Rich and Famous [Good Charlotte]Lifestyles
48.9%
____ Shade of Pale [Procol Harum]Whiter
46.6%
____, Lock, and Drop It [Huey]Pop
46%
____ By a Moment [Lifehouse]Hanging
38%
____ Lion Man [Mumford & Sons]Little
37.8%
____ Only We Know [Keane]Somewhere
37.4%
____ Up and Let Me Go [The Ting Tings]Shut
32%
____ Up in Blue [Bob Dylan]Tangled
31.3%
____ Up My Heart [*NSYNC]Tearin'
30.4%
____ You to Move [Switchfoot]Dare
29.1%
____ Pancakes [Jack Johnson]Banana
28.8%
____ Plastic Trees [Radiohead]Fake
23.2%
____ in Pocket (I'm Special) [The Pretenders]Brass
21.6%
____ to Squeeze [Red Hot Chili Peppers]Soul
18.2%
____ in Vain [The Clash]Train
17.5%
____ I've Become [Three Days Grace]Animal
13.5%
____ with the Light Brown Hair [Stephen Foster]Jeanie
12.7%
____ Life Away [Rise Against]Swing
11%
____ Grip Pump [Volume 10]Pistol
3.8%

You're not logged in!

Compare scores with friends on all Sporcle quizzes.
OR
Log In
Forgot?

From the Vault

Find and Click 1-50

by eon

50 numbers, 90 seconds. What could go wrong?
Remove Ads.
Support Sporcle.
Get the best of Sporcle when you Go Orange. This ad-free experience offers more features, more stats, and more fun while also helping to support Sporcle. Thank you for becoming a member.

Show Comments

Extras

Top Quizzes Today


Score Distribution

Your Account Isn't Verified!

In order to create a playlist on Sporcle, you need to verify the email address you used during registration. Go to your Sporcle Settings to finish the process.

Report this User

Report this user for behavior that violates our Community Guidelines.

Details: